celebrités de divers univers pour les + 60 ANS(musique, cinema etc...) - Statistiques

Statistiques générales
  • Ce quiz a été pris 4 fois
  • Le résultat moyen est 19 sur 56
Statistiques - réponses
Par images Réponse % Correct
Salvador Dali
100%
Amelie Nothomb
67%
Françoise Sagan
67%
Jacques Dutronc
67%
Josephine Baker
67%
Nino Ferrer
67%
Albert Raisner
33%
Bernard Maris
33%
Boby Lapointe
33%
Bruno Coquatrix
33%
Charles Dumont
33%
Christian Lacroix
33%
Claude Dauphin
33%
Dario Moreno
33%
Edwige Feuillere
33%
Eliane Gauthier
33%
Fanny Cottençon
33%
Felix Leclerc
33%
Françis Blanche
33%
Françoise Dolto
33%
Fred Mella
33%
Gaby Basset
33%
Georges Wolinski
33%
Gustave Eiffel
33%
Hubert Deschamps
33%
Isabelle Aubret
33%
Jackie Sardou
33%
Jean Jacques Beineix
33%
Jean Pierre Marielle
33%
Jean Richard
33%
Jean Saudray
33%
Jess Hahn
33%
Johnny Mathis
33%
Johnny Stark
33%
Maurice André
33%
Maurice Pialat
33%
Michel Chevalet
33%
Mireille
33%
Monique Tarbes
33%
Noel Noel
33%
Noel Roquevert
33%
Patrick Bricard
33%
Paul Le Person
33%
Regine Deforges
33%
Roland Petit
33%
Sacha Guitry
33%
Serge Moati
33%
Yves Robert
33%
Yvonne Printemps
33%
Alfred Adam
0%
Georges Géret
0%
Ginette Garcin
0%
Le Corbusier
0%
Pascale Petit
0%
Stephane Hessel
0%
Vicky Leandros
0%
Aucun quiz correspondant
Distribution des résultats
% des personnes avec chaque résultat
Percentile par nombre de réponses
Votre historique - résultats
Vous n’avez pas pris ce quiz